[Event "POL-chT 2nd League"]
[Site "Jastrzebia Gora"]
[Date "2023.09.08"]
[Round "7.82"]
[White "Grzeskow, Adrian"]
[Black "Solnicki, Michal"]
[Result "1/2-1/2"]
[WhiteElo "1955"]
[BlackElo "2110"]
[PlyCount "111"]
[EventDate "2023.09.02"]
[EventType "team-swiss"]
[EventRounds "9"]
[EventCountry "POL"]
[SourceTitle "CBM 216 Extra"]
[Source "ChessBase"]
[SourceDate "2023.11.30"]
[SourceVersion "1"]
[SourceVersionDate "2023.11.30"]
[SourceQuality "1"]
[WhiteTeam "Bogatynia UKS SP3"]
[BlackTeam "Warszawa Mogalo"]
[WhiteTeamCountry "POL"]
[BlackTeamCountry "POL"]

1. e4 e5 2. Bc4 Nf6 3. d3 c6 4. Qe2 Bc5 5. Nc3 d6 6. f4 Bg4 7. Nf3 Nbd7 8. Bb3 Qe7 9. h3 Be6 10. Bxe6 Qxe6 11. f5 Qe7 12. g4 h6 13. Be3 Bxe3 14. Qxe3 d5 15. exd5 Nxd5 16. Qd2 Nxc3 17. Qxc3 0-0-0 18. 0-0-0 Rhe8 19. Rhe1 Qd6 20. Re4 Qd5 21. Rde1 Nf6 22. R4e3 e4 23. dxe4 Rxe4 24. b3 Rxe3 25. Qxe3 Qa5 26. a4 Qb4 27. Kb2 Re8 28. Qf2 Rxe1 29. Nxe1 Nd5 30. Nd3 Qc3+ 31. Kb1 a6 32. Qe2 Kd8 33. Qh2 Kc8 34. Qd6 Qd4 35. Qf8+ Kc7 36. Qxf7+ Kb6 37. Qe6 Nc3+ 38. Kc1 Na2+ 39. Kb1 Nc3+ 40. Kc1 Na2+ 41. Kd2 Qc3+ 42. Kd1 Qa1+ 43. Ke2 Nc3+ 44. Kf2 Nd5 45. Qe2 Qd4+ 46. Kf3 Qc3 47. h4 Ka7 48. g5 hxg5 49. hxg5 Ka8 50. Kg4 Qd4+ 51. Kh5 Ne3 52. Qf2 Qe4 53. Kg6 Qe8+ 54. Kxg7 Qe7+ 55. Kg6 Qe8+ 56. Kg7 1/2-1/2

[Event "POL-chT 2nd League"]
[Site "Jastrzebia Gora"]
[Date "2022.09.04"]
[Round "2.28"]
[White "Madej, Marek"]
[Black "Grzeskow, Adrian"]
[Result "1-0"]
[WhiteElo "2035"]
[BlackElo "1946"]
[PlyCount "49"]
[EventDate "2022.09.03"]
[EventType "team-swiss"]
[EventRounds "9"]
[EventCountry "POL"]
[SourceTitle "CBM 210 Extra"]
[Source "ChessBase"]
[SourceDate "2022.11.30"]
[SourceVersion "1"]
[SourceVersionDate "2022.11.30"]
[SourceQuality "1"]
[WhiteTeam "Wroclaw Polonia"]
[BlackTeam "Bogatynia UKS SP3"]
[WhiteTeamCountry "POL"]
[BlackTeamCountry "POL"]

1. e4 c6 2. d4 d5 3. e5 Bf5 4. h4 h5 5. Bd3 Bxd3 6. Qxd3 e6 7. Nf3 Qc7 8. Bg5 c5 9. c3 Nc6 10. 0-0 Nge7 11. dxc5 Ng6 12. b4 Ngxe5 13. Nxe5 Qxe5 14. Na3 g6 15. Nb5 a6 16. Rfe1 Qb8 17. Nd4 Ne7 18. Nxe6 fxe6 19. Rxe6 Rg8 20. Rae1 Rg7 21. Bf6 Rf7 22. Qxg6 Qc7 23. Bxe7 Bxe7 24. Rf6 0-0-0 25. Rxf7 1-0

[Event "Karpacz op"]
[Site "Karpacz"]
[Date "2013.07.30"]
[Round "9"]
[White "Grzeskow, Adrian"]
[Black "Dwilewicz, Agata"]
[Result "1-0"]
[WhiteElo "1930"]
[BlackElo "1502"]
[PlyCount "69"]
[EventDate "2013.07.22"]
[EventType "swiss"]
[EventRounds "9"]
[EventCountry "POL"]
[SourceTitle "EXT 2014"]
[Source "ChessBase"]
[SourceDate "2013.11.20"]
[SourceVersion "1"]
[SourceVersionDate "2013.11.20"]
[SourceQuality "1"]

1. e4 c5 2. g3 e6 3. Bg2 Nf6 4. Ne2 d5 5. exd5 exd5 6. d4 c4 7. 0-0 Be7 8. Nbc3 b6 9. Bg5 Bb7 10. Nf4 0-0 11. Bxf6 Bxf6 12. Ncxd5 Nc6 13. Nxf6+ Qxf6 14. c3 Rad8 15. Qa4 Rfe8 16. Rae1 Rxe1 17. Rxe1 Qd6 18. Qxc4 Na5 19. Qe2 Rf8 20. Bxb7 Nxb7 21. Qa6 Na5 22. Qxa7 Nc4 23. Qe7 Qxe7 24. Rxe7 Nxb2 25. Nd5 g6 26. Nxb6 Rb8 27. Nd7 Rc8 28. Nc5 Nd1 29. Ne4 Ra8 30. d5 f5 31. Nf6+ Kf8 32. d6 Nxc3 33. Nxh7+ Kg8 34. d7 Nd5 35. Re8+ 1-0

[Event "Miedzyzdroje op 3rd"]
[Site "Miedzyzdroje"]
[Date "2013.05.03"]
[Round "7"]
[White "Jacek, Krystian"]
[Black "Grzeskow, Adrian"]
[Result "1-0"]
[WhiteElo "2098"]
[BlackElo "1903"]
[PlyCount "73"]
[EventDate "2013.04.27"]
[EventType "swiss"]
[EventRounds "9"]
[EventCountry "POL"]
[SourceTitle "CBM 154 Extra"]
[Source "ChessBase"]
[SourceDate "2013.06.25"]
[SourceVersion "2"]
[SourceVersionDate "2013.06.25"]
[SourceQuality "1"]

1. e4 c6 2. Nc3 d5 3. Nf3 dxe4 4. Nxe4 Nd7 5. Bc4 e6 6. 0-0 h6 7. d4 Ngf6 8. Ng3 Bd6 9. Re1 0-0 10. c3 Re8 11. Ne5 Qc7 12. Qe2 b6 13. Bd2 Bb7 14. Rad1 c5 15. Bd3 Rad8 16. Bb1 Nf8 17. a3 Bd5 18. Bc1 Qb7 19. Qf1 cxd4 20. cxd4 b5 21. Bd3 b4 22. axb4 Qxb4 23. Bd2 Qb7 24. Bc3 N8d7 25. Nc4 Bc7 26. Ra1 Bb8 27. Ne5 Nxe5 28. dxe5 Nd7 29. Ba6 Qb3 30. Bb5 Nc5 31. Ra3 Qc2 32. Rc1 Qg6 33. Bxe8 Rxe8 34. Qb5 Rc8 35. Bd4 Bc6 36. Qxc5 Bb7 37. Qxc8+ 1-0

[Event "Miedzyzdroje op 3rd"]
[Site "Miedzyzdroje"]
[Date "2013.05.02"]
[Round "6"]
[White "Janczarski, Michal"]
[Black "Grzeskow, Adrian"]
[Result "1/2-1/2"]
[WhiteElo "2346"]
[BlackElo "1903"]
[PlyCount "47"]
[EventDate "2013.04.27"]
[EventType "swiss"]
[EventRounds "9"]
[EventCountry "POL"]
[SourceTitle "CBM 154 Extra"]
[Source "ChessBase"]
[SourceDate "2013.06.25"]
[SourceVersion "2"]
[SourceVersionDate "2013.06.25"]
[SourceQuality "1"]

1. d4 d5 2. c4 c6 3. e3 Nf6 4. Nf3 a6 5. Qb3 e6 6. a4 Nbd7 7. Nc3 Bd6 8. Be2 0-0 9. a5 Bc7 10. Qa2 dxc4 11. Bxc4 c5 12. 0-0 cxd4 13. exd4 b5 14. axb6 Nxb6 15. Be2 h6 16. Be3 Bb7 17. Rfc1 Qd6 18. g3 Nbd5 19. Nxd5 Nxd5 20. Qa3 Qxa3 21. Rxa3 Bd6 22. Rb3 Rab8 23. Nd2 Bb4 24. Nc4 1/2-1/2

[Event "Miedzyzdroje op 3rd"]
[Site "Miedzyzdroje"]
[Date "2013.05.01"]
[Round "5"]
[White "Grzeskow, Adrian"]
[Black "Kucza, Karol"]
[Result "1-0"]
[WhiteElo "1903"]
[BlackElo "1920"]
[PlyCount "87"]
[EventDate "2013.04.27"]
[EventType "swiss"]
[EventRounds "9"]
[EventCountry "POL"]
[SourceTitle "CBM 154 Extra"]
[Source "ChessBase"]
[SourceDate "2013.06.25"]
[SourceVersion "2"]
[SourceVersionDate "2013.06.25"]
[SourceQuality "1"]

1. c4 Nf6 2. Nc3 c6 3. Nf3 d5 4. cxd5 cxd5 5. d4 Nc6 6. Bf4 Bf5 7. Qb3 Na5 8. Qa4+ Bd7 9. Qc2 e6 10. e3 Rc8 11. Bd3 Bb4 12. 0-0 0-0 13. Ne5 h6 14. Rfc1 Nh5 15. Nxd7 Qxd7 16. Be5 f6 17. Bg3 Nxg3 18. hxg3 Bxc3 19. bxc3 f5 20. Qe2 Nc4 21. g4 g6 22. Rab1 Rc7 23. gxf5 exf5 24. Rb4 Rfc8 25. f3 Nd6 26. e4 dxe4 27. fxe4 Rxc3 28. Rxc3 Rxc3 29. e5 Rc1+ 30. Kf2 Ne8 31. Bc4+ Kh7 32. Qb2 Rh1 33. Rxb7 Nc7 34. d5 Qe7 35. Qd4 f4 36. Ke2 h5 37. d6 Qh4 38. Rxc7+ Kh6 39. Qf2 Qg4+ 40. Qf3 Qf5 41. Bd3 Qxe5+ 42. Qe4 Qxd6 43. Rc6 f3+ 44. Kxf3 1-0

[Event "Lubuska Wiosna op 9th"]
[Site "Gorzow Wielkopolski"]
[Date "2013.03.27"]
[Round "2"]
[White "Grzeskow, Adrian"]
[Black "Aliavdin, Nikolai"]
[Result "0-1"]
[WhiteElo "1885"]
[BlackElo "2349"]
[PlyCount "100"]
[EventDate "2013.03.27"]
[EventType "swiss"]
[EventRounds "7"]
[EventCountry "POL"]
[SourceTitle "CBM 153 Extra"]
[Source "ChessBase"]
[SourceDate "2013.04.22"]
[SourceVersion "1"]
[SourceVersionDate "2013.04.22"]
[SourceQuality "1"]

1. e4 c5 2. c3 d5 3. exd5 Qxd5 4. d4 g6 5. Be3 cxd4 6. Qxd4 Nf6 7. Qxd5 Nxd5 8. Bd4 f6 9. Bc4 Be6 10. Nf3 Nc6 11. Na3 a6 12. 0-0-0 0-0-0 13. Bb6 Bh6+ 14. Be3 Bxe3+ 15. fxe3 b5 16. Bb3 Na5 17. Nc2 Nxb3+ 18. axb3 Nc7 19. Ncd4 Bd5 20. b4 e5 21. Nc2 g5 22. Rhe1 g4 23. Nh4 Be4 24. Na1 Rxd1+ 25. Rxd1 Rd8 26. Rxd8+ Kxd8 27. Nb3 Ne6 28. Nd2 Bd3 29. g3 Ng5 30. Kd1 Kd7 31. Nb3 Ne6 32. Ng2 Kd6 33. Ne1 Be4 34. Kd2 Bd5 35. Kc2 Ng5 36. Nc5 a5 37. Ncd3 a4 38. Kd2 Ne4+ 39. Ke2 Bc4 40. Nc2 Nxc3+ 41. bxc3 e4 42. Na3 exd3+ 43. Ke1 Kd5 44. Nb1 Ke4 45. Kd2 h5 46. Na3 Kf3 47. Nb1 Kg2 48. Na3 Kxh2 49. e4 h4 50. Nxc4 hxg3 0-1

[Event "POL-ch U18"]
[Site "Szczyrk"]
[Date "2013.??.??"]
[Round "6"]
[White "Borawski, Jakub"]
[Black "Grzeskow, Adrian"]
[Result "1-0"]
[WhiteElo "1946"]
[BlackElo "1885"]
[PlyCount "77"]
[EventDate "2013.03.17"]
[EventType "swiss"]
[EventRounds "9"]
[EventCountry "POL"]
[SourceTitle "CBM 153 Extra"]
[Source "ChessBase"]
[SourceDate "2013.04.22"]
[SourceVersion "1"]
[SourceVersionDate "2013.04.22"]
[SourceQuality "1"]

1. e4 c6 2. d4 d5 3. Nc3 dxe4 4. Nxe4 Nf6 5. Nxf6+ exf6 6. c3 Bd6 7. Bd3 0-0 8. Ne2 Bg4 9. Qc2 h6 10. f3 Bc8 11. 0-0 Qc7 12. Kh1 Re8 13. c4 b6 14. f4 f5 15. b3 g6 16. Bb2 Bf8 17. Rf3 Bg7 18. Ng3 Qd6 19. Rd1 Na6 20. Qf2 Nc7 21. h3 Ne6 22. Bxf5 gxf5 23. Nxf5 Qc7 24. d5 cxd5 25. Nxg7 Nxg7 26. Rg3 f6 27. Bxf6 Re7 28. Bxe7 Qxe7 29. f5 Qf6 30. Rxd5 Kh7 31. Qc2 Rb8 32. Rg6 Bxf5 33. Rxg7+ Kxg7 34. Qxf5 Qa1+ 35. Kh2 Rb7 36. Rd6 Rf7 37. Qg6+ Kf8 38. Rd8+ Ke7 39. Qd6# 1-0

[Event "POL-ch U18"]
[Site "Szczyrk"]
[Date "2013.??.??"]
[Round "3"]
[White "Grzeskow, Adrian"]
[Black "Szewczyk, Mariusz1"]
[Result "1-0"]
[WhiteElo "1885"]
[BlackElo "2093"]
[PlyCount "47"]
[EventDate "2013.03.17"]
[EventType "swiss"]
[EventRounds "9"]
[EventCountry "POL"]
[SourceTitle "CBM 153 Extra"]
[Source "ChessBase"]
[SourceDate "2013.04.22"]
[SourceVersion "1"]
[SourceVersionDate "2013.04.22"]
[SourceQuality "1"]

1. e4 e5 2. Bc4 Nc6 3. Nc3 Nf6 4. d3 Bb4 5. f4 d5 6. exd5 Bg4 7. Qd2 Bxc3 8. Qxc3 Nxd5 9. Bxd5 Qxd5 10. Kf2 0-0-0 11. fxe5 f6 12. h3 fxe5 13. hxg4 Rhf8+ 14. Nf3 Rxf3+ 15. gxf3 Nd4 16. Rh3 Rf8 17. f4 exf4 18. Bd2 Qd7 19. Qc5 Rd8 20. Bxf4 Ne6 21. Qe5 Rf8 22. Rf3 Qc6 23. Re1 Rf6 24. Re2 1-0

[Event "Polanica Zdroj op-B 48th"]
[Site "Polanica Zdroj"]
[Date "2012.08.19"]
[Round "2"]
[White "Kowalczyk, Rafal"]
[Black "Grzeskow, Adrian"]
[Result "0-1"]
[WhiteElo "2164"]
[BlackElo "1833"]
[PlyCount "66"]
[EventDate "2012.08.18"]
[EventType "swiss"]
[EventRounds "9"]
[EventCountry "POL"]
[SourceTitle "EXT 2014"]
[Source "ChessBase"]
[SourceDate "2013.11.20"]
[SourceVersion "1"]
[SourceVersionDate "2013.11.20"]
[SourceQuality "1"]

1. e4 c5 2. c3 g6 3. d4 cxd4 4. cxd4 d5 5. exd5 Nf6 6. Nc3 Bg7 7. Bc4 0-0 8. Nge2 b6 9. Nf4 Bb7 10. h4 h5 11. Qd3 Qc8 12. Rh3 Ne8 13. Ne4 Na6 14. Bd2 Nac7 15. Rg3 Qd7 16. Nxg6 fxg6 17. d6+ Nd5 18. Rxg6 Nxd6 19. Nxd6 exd6 20. Rg5 Qf7 21. 0-0-0 Rac8 22. Kb1 Nc3+ 23. Bxc3 Rxc4 24. d5 Rg4 25. Bxg7 Rxg5 26. Bxf8 Rxd5 27. Qg3+ Kxf8 28. Rxd5 Qxd5 29. b3 Qe4+ 30. Kc1 Qe1+ 31. Kc2 Be4+ 32. Kb2 Qd2+ 33. Ka3 Qc1+ 0-1

[Event "POL-chT 2nd League"]
[Site "Mrzezyno"]
[Date "2011.09.11"]
[Round "9.95"]
[White "Grzeskow, Adrian"]
[Black "Krasiewicz, Robert"]
[Result "1/2-1/2"]
[WhiteElo "1874"]
[BlackElo "2065"]
[PlyCount "91"]
[EventDate "2011.09.03"]
[EventType "team-swiss"]
[EventRounds "9"]
[EventCountry "POL"]
[SourceTitle "EXT 2019"]
[Source "ChessBase"]
[SourceDate "2018.10.10"]
[SourceVersion "1"]
[SourceVersionDate "2018.10.10"]
[SourceQuality "1"]
[WhiteTeam "Bogatynia UKS SP3"]
[BlackTeam "Zielonka Zieloni"]
[WhiteTeamCountry "POL"]
[BlackTeamCountry "POL"]

1. Nf3 f5 2. c4 Nf6 3. Nc3 g6 4. g3 Bg7 5. Bg2 d6 6. d4 0-0 7. 0-0 Qe8 8. Qb3 Kh8 9. Re1 e5 10. dxe5 dxe5 11. e4 Nxe4 12. Nxe4 fxe4 13. Ng5 h6 14. Nxe4 Nc6 15. Be3 Rb8 16. Rad1 Qf7 17. Nc5 Nd4 18. Bxd4 exd4 19. Qc2 Bf5 20. Be4 Bxe4 21. Nxe4 Rbe8 22. Nc5 b6 23. Nd3 Qf5 24. Qd2 Kh7 25. Rxe8 Rxe8 26. Re1 Rxe1+ 27. Nxe1 Qb1 28. b3 Qa1 29. Kg2 a5 30. Nd3 Qb1 31. Nf4 Qe4+ 32. f3 Qf5 33. Qd3 Qxd3 34. Nxd3 g5 35. f4 Kg6 36. Kf3 gxf4 37. Nxf4+ Kf5 38. g4+ Ke5 39. Nd3+ Kd6 40. Ke4 Bf6 41. Nf4 Be5 42. Ne2 d3 43. Kxd3 Bxh2 44. Nd4 Bf4 45. Ke4 Bg5 46. Nb5+ 1/2-1/2

[Event "POL-chT 2nd League"]
[Site "Mrzezyno"]
[Date "2011.09.07"]
[Round "5"]
[White "Szczesniak, Konrad"]
[Black "Grzeskow, Adrian"]
[Result "1/2-1/2"]
[WhiteElo "2193"]
[BlackElo "1874"]
[PlyCount "71"]
[EventDate "2011.09.03"]
[EventType "team-swiss"]
[EventRounds "9"]
[EventCountry "POL"]
[SourceTitle "EXT 2015"]
[Source "ChessBase"]
[SourceDate "2014.11.20"]
[SourceVersion "1"]
[SourceVersionDate "2014.11.20"]
[SourceQuality "1"]
[WhiteTeam "Prudnik LKS Zarzewie"]
[BlackTeam "Bogatynia UKS SP3"]
[WhiteTeamCountry "POL"]
[BlackTeamCountry "POL"]

1. d4 Nf6 2. c4 c5 3. Nf3 cxd4 4. Nxd4 g6 5. Nc3 Bg7 6. e4 d6 7. Be2 0-0 8. Be3 Nc6 9. Qd2 Ng4 10. Bxg4 Bxg4 11. 0-0 Rc8 12. f3 Bd7 13. b3 Qa5 14. Rac1 Nxd4 15. Bxd4 Bxd4+ 16. Qxd4 Qc5 17. Qxc5 Rxc5 18. Nd5 Re8 19. Rfe1 Kf8 20. e5 dxe5 21. Rxe5 Be6 22. b4 Rc6 23. Ne3 Rec8 24. Re4 Rd8 25. c5 b6 26. Nc4 bxc5 27. b5 Rc7 28. Ne5 Bxa2 29. Nc6 Rd5 30. Ra4 Bb3 31. Ra3 c4 32. Nxa7 Rb7 33. Ra6 Rd6 34. Ra5 Rbd7 35. Nc6 Rb7 36. Na7 1/2-1/2

[Event "POL-chT 2nd League"]
[Site "Mrzezyno"]
[Date "2011.09.05"]
[Round "3.29"]
[White "Czachor, Radoslaw"]
[Black "Grzeskow, Adrian"]
[Result "1-0"]
[WhiteElo "2053"]
[BlackElo "1874"]
[PlyCount "83"]
[EventDate "2011.09.03"]
[EventType "team-swiss"]
[EventRounds "9"]
[EventCountry "POL"]
[SourceTitle "EXT 2015"]
[Source "ChessBase"]
[SourceDate "2014.11.20"]
[SourceVersion "1"]
[SourceVersionDate "2014.11.20"]
[SourceQuality "1"]
[WhiteTeam "Wroclaw AZS Politechnika"]
[BlackTeam "Bogatynia UKS SP3"]
[WhiteTeamCountry "POL"]
[BlackTeamCountry "POL"]

1. e4 c5 2. Nc3 Nc6 3. g3 g6 4. Bg2 Bg7 5. Nge2 e6 6. d3 Nge7 7. f4 d6 8. 0-0 0-0 9. Kh1 Rb8 10. Be3 b5 11. d4 cxd4 12. Nxd4 b4 13. Nce2 Ba6 14. Nxc6 Nxc6 15. Rb1 Qc7 16. Rf2 Rfd8 17. Nd4 Na5 18. f5 e5 19. fxg6 hxg6 20. Nb3 Nc4 21. Bg5 Rf8 22. Qg4 Bc8 23. Qh4 Qd7 24. h3 Qe6 25. Rf6 Qd7 26. Rbf1 Bb7 27. Rd1 a5 28. Nc5 Qc7 29. Nxb7 Rxb7 30. b3 Nb2 31. Rd2 Rb6 32. Rf1 Rc6 33. Rb1 Rxc2 34. Rxb2 Rxb2 35. Rxb2 Qc3 36. Rf2 Qa1+ 37. Kh2 Rc8 38. Bf6 Rc7 39. Bxg7 Kxg7 40. Qf6+ Kh7 41. Qxd6 Qc3 42. Qf8 1-0

[Event "Lubuska Wiosna op 7th"]
[Site "Gorzow Wielkopolski"]
[Date "2011.04.21"]
[Round "3"]
[White "Chomski, Maciej"]
[Black "Grzeskow, Adrian"]
[Result "0-1"]
[WhiteElo "1845"]
[BlackElo "1858"]
[PlyCount "70"]
[EventDate "2011.04.20"]
[EventType "swiss"]
[EventRounds "7"]
[EventCountry "POL"]
[SourceTitle "CBM 142 Extra"]
[Source "ChessBase"]
[SourceDate "2011.06.27"]
[SourceVersion "1"]
[SourceVersionDate "2011.06.27"]
[SourceQuality "1"]

1. d4 Nf6 2. c4 c5 3. d5 b5 4. Qc2 g6 5. Nf3 Bg7 6. e4 d6 7. Nc3 bxc4 8. Bxc4 0-0 9. 0-0 Ba6 10. b3 Bxc4 11. bxc4 Nxe4 12. Nxe4 Bxa1 13. Nc3 Qb6 14. Bh6 Qb2 15. Qxb2 Bxb2 16. Bxf8 Kxf8 17. Na4 Bf6 18. Rb1 Nd7 19. Kf1 Nb6 20. Nxb6 axb6 21. Rxb6 Rxa2 22. g4 g5 23. h4 h6 24. hxg5 hxg5 25. Ne1 Ra4 26. Nc2 Rxc4 27. Ne3 Rb4 28. Ra6 Kg7 29. Ra8 Bb2 30. Re8 Kf6 31. f3 e6 32. Ke2 Bc1 33. dxe6 fxe6 34. Nd1 Ke5 35. Re7 d5 0-1

[Event "POL-ch U16"]
[Site "Murzasichle"]
[Date "2011.03.10"]
[Round "7"]
[White "Grzeskow, Adrian"]
[Black "Latocha, Aleksander"]
[Result "0-1"]
[WhiteElo "1858"]
[BlackElo "1932"]
[PlyCount "80"]
[EventDate "2011.03.05"]
[EventType "swiss"]
[EventRounds "9"]
[EventCountry "POL"]
[SourceTitle "EXT 2012"]
[Source "ChessBase"]
[SourceDate "2011.11.24"]
[SourceVersion "1"]
[SourceVersionDate "2011.11.24"]
[SourceQuality "1"]

1. Nf3 Nf6 2. g3 g6 3. Bg2 Bg7 4. 0-0 0-0 5. d4 d5 6. Bf4 Nh5 7. Be3 Nd7 8. c3 e6 9. Qd2 b6 10. Bh6 Bb7 11. Bxg7 Nxg7 12. Na3 c5 13. e3 Qe7 14. Nc2 Nf5 15. Rad1 Nd6 16. Qc1 Rac8 17. Nce1 Nc4 18. Nd2 Ba6 19. Nxc4 Bxc4 20. Nd3 Bxa2 21. Qa1 Bb3 22. Rc1 a5 23. Qa3 Bc4 24. Rfd1 Rfe8 25. Nf4 g5 26. Nd3 Bxd3 27. Rxd3 c4 28. Rd2 Ra8 29. Qa4 Nf6 30. Qd1 b5 31. f3 Nd7 32. e4 f5 33. e5 b4 34. Kf2 Reb8 35. h4 gxh4 36. f4 hxg3+ 37. Kxg3 Qg7+ 38. Kh2 Qh6+ 39. Kg1 Qxf4 40. Rf2 Qg5 0-1